Catalog

Record Details

Catalog Search



Příruční slovník naučný : IV. Díl, S-Ž Cover Image Book Book

Příruční slovník naučný : IV. Díl, S-Ž Československá akademie věd ; Encyklopedický institut, Vladimír Procházka, Jaroslav Šváb

Record details

  • Physical Description: 933 s.
  • Edition: Vydání 1.
  • Publisher: Praha Academia, nakladatelství 1967

Available copies

  • 1 of 1 copy available at Common Catalog SPOK.

Holds

  • 0 current holds with 1 total copy.
Show Only Available Copies
Location Call Number / Copy Notes Barcode Shelving Location Status Due Date
ETS Library 413.028 424470012550 Volný výběr Available -

LDR 00757nam a2 00241
00145141
003CZ-PrJAB
00520110903000000.0
008110903s1967 xr e |||| |cze
009cz
035 . ‡a(CONS)7555
035 . ‡aKPS13712
040 . ‡aABG450
041 . ‡acze
08214. ‡a413.028
100 . ‡aČeskoslovenská akademie věd
245 . ‡aPříruční slovník naučný : ‡bIV. Díl, S-Ž ‡cČeskoslovenská akademie věd ; Encyklopedický institut, Vladimír Procházka, Jaroslav Šváb
250 . ‡aVydání 1.
260 . ‡aPraha ‡bAcademia, nakladatelství ‡c1967
300 . ‡a933 s.
653 . ‡aPříruční slovník naučný
8524 . ‡bETS ‡bETS ‡cVolný výběr ‡j413.028 ‡gP ‡p424470012550 ‡xreference
910 . ‡aABG450
999 . ‡a7555 ‡bAUTOGEN ‡c7555 ‡tbiblio
905 . ‡uadmin
901 . ‡a45141 ‡b ‡c45141 ‡tbiblio ‡sets

Additional Resources